|
|
|
|
| LEADER |
00000cam a2200000 7i4500 |
| 001 |
0000003229 |
| 005 |
20050615.0 |
| 020 |
|
|
|a 0442287860
|
| 040 |
|
|
|a INS
|
| 090 |
0 |
0 |
|a TH7413.
|b P33 1984
|
| 100 |
1 |
|
|a Panchyk, Katherine
|
| 245 |
1 |
0 |
|a Solar interiors :
|b Energy-efficient spaces designed for comfort
|c Katherine Panchyle
|
| 260 |
|
|
|a New York :
|b Van Nostrand Reinhold ,
|c 1984
|
| 300 |
|
|
|a ix :
|b 163p. ;
|c 28 cm.
|
| 500 |
|
|
|a Includes index
|
| 650 |
0 |
0 |
|a Building
|x Enviromental engineering
|
| 650 |
0 |
0 |
|a solar air conditioning
|
| 650 |
0 |
0 |
|a Solar heating
|
| 999 |
|
|
|a 0000004225
|b BOOK
|c Open Shelf
|e Default branch
|